000 00263nam a22000857a 4500
999 _c23642
_d23642
003 Nust
005 20170529121258.0
008 131220b xxu||||| |||| 00| 0 eng d
020 _a0080367356
_cAvailable
040 _aDLC
_bDLC
_cRCMS
082 _a358.41 WAR
100 _a Warden Col John A
_9331
245 _aThe Air Campaign
_cJohn A. Warden III ; introduction by Charles L. Donnelly, Jr.
_b: planning for combat
260 _aLondon
_bAerospace Education Foundation Air Force
_cc1994
300 _axxi, 160 p. :
_bill. ;
_c25,cm.
440 _aFuture warfare series ;
_vv. 3
_9332
500 _a
538 _iShelf # 13, Row # 4, Fiction.
650 _aMilitary planning.
_9333
856 _3Table of Content Only
942 _2ddc
_cFIC